Lắp ráp thiết bị chủ yếu trạm thủy điện

Na minha lista:
Detalhes bibliográficos
Formato: Livro
Idioma:Vietnamese
Publicado em: Xây dựng 2007
Assuntos:
Tags: Adicionar Tag
Sem tags, seja o primeiro a adicionar uma tag!
Thư viện lưu trữ: Mạng thư viện Đại học Đà Nẵng
LEADER 00987nam a2200301 a 4500
001 000002626
003 02194
005 20171229145311.0
008 171229s2007 vie
040 |a LSK 
041 0 |a VIE 
082 0 |a 621.2  |b HU-L 
245 0 0 |a Lắp ráp thiết bị chủ yếu trạm thủy điện  |c Huỳnh Tấn Lượng, Phạm Văn Khang 
260 |b Xây dựng  |c 2007 
300 |a 111 pages  |c 27 cm. 
653 |a Thủy điện - Thiết bị 
852 |a Phòng Đọc 
901 |a 1 
927 |a Sách tham khảo 
OWN |a LSK 
AVA |a UDN50  |b LSK  |d 621.2 HU-L  |e available  |t Error 5001 Not defined in file expand_doc_bib_avail.  |f 1  |g 0  |h N  |i 0  |k 1 
999 |a From the UDN01 
AVA |a UDN50  |b LSK  |d 621.2 HU-L  |e available  |t Error 5001 Not defined in file expand_doc_bib_avail.  |f 1  |g 0  |h N  |i 0  |k 1 
TYP |a Monograph 
TYP |a Printed language 
980 |a Mạng thư viện Đại học Đà Nẵng